Southville International School and Colleges
Your cart is empty.
  • Cart
  • Lists
    Public lists Eva Luna New books Lux_list list_1
    Your lists Log in to create your own lists
  • Log in to your account
  • Your cookies
  • Search history
Southville International School and Colleges
  • Advanced search
  • Recent comments
  • Most popular
  • Libraries

Log in to your account

Log in with GOOGLE


If you do not have an external account, but do have a local account, you can still log in:

  1. Home
  2. MARC view: Nurse play essential roles in reducing health problems due to climate change
Normal view MARC view ISBD view

Nurse play essential roles in reducing health problems due to climate change (Record no. 361431)

[ view plain ]
MARC details
000 -LEADER
fixed length control field 00537nam a2200181Ia 4500
008 - FIXED-LENGTH DATA ELEMENTS--GENERAL INFORMATION
fixed length control field 190422s9999 xx 000 0 und d
100 ## - MAIN ENTRY--PERSONAL NAME
Personal name Leffers, Jeanne
245 ## - TITLE STATEMENT
Title Nurse play essential roles in reducing health problems due to climate change
245 ## - TITLE STATEMENT
Statement of responsibility, etc Jeanne Leffers, Patricia Butterfied . --
260 ## - PUBLICATION, DISTRIBUTION, ETC. (IMPRINT)
Name of publisher, distributor, etc Elsevier
260 ## - PUBLICATION, DISTRIBUTION, ETC. (IMPRINT)
Date of publication, distribution, etc 2018
300 ## - PHYSICAL DESCRIPTION
Extent pages 210-213, March/April 2018
440 ## - SERIES STATEMENT/ADDED ENTRY--TITLE
Title Nursing Outlook
Volume number/sequential designation 66(2)
650 ## - SUBJECT ADDED ENTRY--TOPICAL TERM
Topical term or geographic name as entry element Bullying
650 ## - SUBJECT ADDED ENTRY--TOPICAL TERM
Topical term or geographic name as entry element Nursing
650 ## - SUBJECT ADDED ENTRY--TOPICAL TERM
Topical term or geographic name as entry element Verbal Abuse
650 ## - SUBJECT ADDED ENTRY--TOPICAL TERM
Topical term or geographic name as entry element Work Environment

No items available.

Nurse play essential roles in reducing health problems due to climate change

APA

Leffers J., .Nurse play essential roles in reducing health problems due to climate change. : Elsevier.

Chicago

Leffers Jeanne, .Nurse play essential roles in reducing health problems due to climate change. : Elsevier.

Harvard

Leffers J., .Nurse play essential roles in reducing health problems due to climate change. : Elsevier.

MLA

Leffers Jeanne, .: Elsevier. .

  • Print
  • Cite
  • Add to your cart (remove)
  • Save record
    BIBTEX Dublin Core MARCXML MARC (non-Unicode/MARC-8) MARC (Unicode/UTF-8) MARC (Unicode/UTF-8, Standard) MODS (XML) RIS
  • More searches
    Search for this title in:
    Other Libraries (WorldCat) Other Databases (Google Scholar) Online Stores (Bookfinder.com) Open Library (openlibrary.org)

Exporting to Dublin Core...

SOUTHVILLE LIBRARY

Southville International School and Colleges Library

1281 Tropical Ave. Cor. Luxembourg St., BF Homes International, Las Pinas City

Tel. No. 8256374 / 252358 Loc. 117/146

Powered by Koha